| 000 | 00800nam a2200205Ia 4500 | ||
|---|---|---|---|
| 003 | GCL | ||
| 008 | 140319s9999 xx 000 0 ara d | ||
| 040 |
_aGCL / _cGCL |
||
| 082 | 0 | 4 |
_aق _b338.962 _bا ت |
| 100 | 1 | _aاسماعيل صبرى عبدالله | |
| 245 | 1 | 0 |
_aتوصيف الاوضاع العالمية المعاصرة / _cاسماعيل صبرى عبدالله |
| 260 |
_aالقاهرة : _bمنتدى العالم الثالث. مكتب الشرق الاوسط ، _c1999 |
||
| 300 |
_a100 ص ؛ _c30 سم |
||
| 490 |
_aاوراق مصر 2020 _v3 |
||
| 650 | 0 | 4 | _aالاقتصاد - مصر |
| 650 | 0 | 4 | _aمصر - الاحوال الاقتصادية |
| 650 | 0 | 4 | _aمصر - التنمية الاقتصادية |
| 650 | 0 | 4 | _aمصر - التخطيط الاقتصادى |
| 942 |
_2ddc _cBK |
||
| 999 |
_c7058 _d7058 |
||